01557nam a2200349 a 4500001001000000003000500010005001700015008004100032010001100073011001100084040000900095090001000104100003800114245020900152260004100361500006000402502008500462590004100547590004000588590004000628650005100668650003400719650003500753650004100788856007000829901000700899942001000906942000600916999001900922952013100941952013501072000113687CHAP20220329144408.0170907s2017 mx a fsm |||||||spa d a110148 a111120 cCHAP aTesis1 aRamírez Rivero, Valeria913325710aEvaluación de la capacidad productora de péptidos antimicrobianos en leches fermentadas por cepas específicas de Lactococcus lactis y Enterococcus Spp. /h[En línea]cpor Valeria Ramírez Rivero. aChapingo, Méx. :bEl autor,c2017. aPara ver el contenido del material haga clic en la liga aTesis (Ing. Agroindustrial) -- UACH. Departamento de Ingeniería Agroindustrial aBATCH-UPDb05c20170907lUCH01h1358 aE8697GMMb05c20170907lUCH01h1140 aE8697GMMb05c20170907lUCH01h135814aLechexBacterias patógenasxControl.913325814aLechexFermentación.96537414aLechexMicrobiología.96539514aPéptidosxEfecto en leche.9133259 aFinding aiduhttp://10.13.5.2/tesis/sist113687.pdfzTeclea aquí aBK cTESIS n0 c110148d110148 00104054718TESISaBCbBCd2017-09-07fTESISl0oTesisp113689-10r2019-12-31 00:00:00w2019-12-31yTESISzRecien adquirido 00102local4053708TESISaBCbBCcPA_TESISd2017-09-07fTESISl0oTesisp113689-20r2019-12-31 00:00:00tc.2w2019-12-31yTESIS